Phân tích năng lực cạnh tranh của Sacombank : Luận văn thạc sĩ chuyên ngành: Tài chính - Ngân hàng

Nội dung luận văn giới thiệu cơ sở lý luận và phương pháp nghiên cứu. Thực trạng tình hình hoạt động kinh doanh tại Sacombank. Phân tích các yếu tố ảnh hưởng đến năng lực cạnh tranh tại Sacombank. Kết luận và kiến nghị....

全面介紹

Đã lưu trong:
書目詳細資料
主要作者: Lê, Văn Mến
格式: 圖書
語言:Undetermined
出版: Cần Thơ Trường Đại học Cần Thơ 2018
主題:
標簽: 添加標簽
沒有標簽, 成為第一個標記此記錄!
Thư viện lưu trữ: Trung tâm Học liệu Trường Đại học Cần Thơ
LEADER 01098nam a2200217Ia 4500
001 CTU_228100
008 210402s9999 xx 000 0 und d
082 |a 332.12 
082 |b M254 
088 |a 8340201 
100 |a Lê, Văn Mến 
245 0 |a Phân tích năng lực cạnh tranh của Sacombank : 
245 0 |b Luận văn thạc sĩ chuyên ngành: Tài chính - Ngân hàng 
245 0 |c Lê Văn Mến ; Trần Ái Kết (cán bộ hướng dẫn) 
260 |a Cần Thơ 
260 |b Trường Đại học Cần Thơ 
260 |c 2018 
520 |a Nội dung luận văn giới thiệu cơ sở lý luận và phương pháp nghiên cứu. Thực trạng tình hình hoạt động kinh doanh tại Sacombank. Phân tích các yếu tố ảnh hưởng đến năng lực cạnh tranh tại Sacombank. Kết luận và kiến nghị. 
650 |a Ngân hàng thương mại,Commercial banking 
910 |b dqhieu 
980 |a Trung tâm Học liệu Trường Đại học Cần Thơ